| 000 | 01195nam a2200277Ia 4500 | ||
|---|---|---|---|
| 999 |
_c55166 _d55166 |
||
| 001 | 22241 | ||
| 003 | GE_BSU | ||
| 005 | 20230213144002.0 | ||
| 008 | 181216s2008||||ge |||||||||||||| ||geo|| | ||
| 020 | _a978-9941-13-060-1 | ||
| 040 | _cGE_BSU | ||
| 041 | _ageo | ||
| 080 | _a94(53) ტ-57 | ||
| 100 |
_aტიკაძე, მერაბ _93096 |
||
| 245 |
_aარაბთა ისტორია (V-XV სს.) / _cმერაბ ტიკაძე ; რედაქტორი გოჩა ჯაფარიძე. |
||
| 264 |
_aთბილისი _bთბილ. უნ-ტის გამ-ბა, _c2008. |
||
| 300 |
_a268 გვ. ; _c26 სმ. _eრუკები. |
||
| 500 | _aპარალელური სათაური ინგლისურ ენაზე | ||
| 500 | _aდანართი გვ. : 155-168 | ||
| 504 | _aბიბლიოგრაფია გვ. : 228-245 | ||
| 520 | _aპარალ. სათ. ინგლ.ენ. | ||
| 541 | _h23 ლ. | ||
| 653 | _aარაბთა ისტორია (V-XV სს.) | ||
| 700 |
_aჯაფარიძე, გოჩა _eრედაქტორი _93097 |
||
| 942 |
_cBK _2udc |
||